000 00467nam a2200169Ia 4500
003 OSt
005 20260303142007.0
008 211028s2004 xx 000 0 und d
040 _cAIMIT LIBRARY
041 _aeng
100 _aMascarenhas, Prem;Pillar, Bharati.
_g194024
_92341
110 _aPillar, Bharati.
_92342
245 _aLeave and attendance system /
260 _aNavi Mumbai
_c2004
710 _aLarsen and Toubro Infotech Ltd
_92343
942 _2ddc
_cPRO
999 _c216865
_d216865